Điều khiển lập trình và tạo giao diện HMI với Wincc flexible

Sách gồm 11 chương giúp bạn đọc thực hành lập trình với S7, lam,f quen với Wincc Flexible và thực hành tạo giao diện người và máy HMI, ngoài ra sách còn giới thiệu các màn hình HMI và biến tần của Siemens.

Gardado en:
Detalles Bibliográficos
Autor Principal: Lê, Ngọc Bích
Formato: Libro
Idioma:Undetermined
Publicado: Hà Nội Thanh niên 2018
Những chủ đề:
Các nhãn: Engadir etiqueta
Sen Etiquetas, Sexa o primeiro en etiquetar este rexistro!
Thư viện lưu trữ: Trung tâm Học liệu Trường Đại học Cần Thơ
LEADER 01017nam a2200217Ia 4500
001 CTU_230919
008 210402s9999 xx 000 0 und d
020 |c 104000 
082 |a 629.89 
082 |b B302 
100 |a Lê, Ngọc Bích 
245 0 |a Điều khiển lập trình và tạo giao diện HMI với Wincc flexible 
245 0 |c Lê Ngọc Bích, Phạm Quang Huy 
260 |a Hà Nội 
260 |b Thanh niên 
260 |c 2018 
520 |a Sách gồm 11 chương giúp bạn đọc thực hành lập trình với S7, lam,f quen với Wincc Flexible và thực hành tạo giao diện người và máy HMI, ngoài ra sách còn giới thiệu các màn hình HMI và biến tần của Siemens. 
650 |a Automation,Application software,Tự động hoá,Phần mềm ứng dụng 
650 |x Design,Thiết kế 
904 |i Tô Chánh Trung 
980 |a Trung tâm Học liệu Trường Đại học Cần Thơ